Landmarks by Picture - Statistics

General Stats
  • This quiz has been taken 1,938 times
  • The average score is 18 of 25
Answer Stats
Picture Answer % Correct
Big Ben
100%
Statue of Liberty
99%
Eiffel Tower
95%
Colosseum
92%
Taj Mahal
90%
Great Wall of China
89%
Golden Gate Bridge
88%
Mount Everest
88%
Machu Picchu
83%
Mount Fuji
81%
Niagara Falls
80%
Mount Rushmore
79%
Christ the Redeemer
77%
Grand Canyon
75%
Easter Island
71%
Uluru
67%
CN Tower
66%
Brandenburg Gate
64%
Matterhorn
63%
Acropolis
62%
Chichen Itza
59%
Buckingham Palace
57%
Gateway Arch
54%
Neuschwanstein Castle
36%
Fenway Park
32%
No matching quizzes found
Score Distribution
Percent of People with Each Score
Percentile by Number Answered
Your Score History
You have not taken this quiz